|
|
|
|
| LEADER |
00683nam a22001931 4500 |
| 001 |
c000365856 |
| 003 |
CARM |
| 005 |
00000000000000.0 |
| 008 |
851211s1946 sp 1 spa d |
| 019 |
1 |
|
|a 28518561
|z 4164472
|5 LACONCORD2021
|
| 035 |
|
|
|a (OCoLC)352422
|5 LACONCORD2021
|
| 100 |
1 |
|
|a Maragall, Juan.
|
| 245 |
1 |
4 |
|a Los vivos y los muertos.
|
| 260 |
|
|
|a Barcelona :
|b Ediciones Destino,
|c 1946.
|
| 490 |
0 |
|
|a Ancora y delfin ;
|
| 852 |
8 |
|
|b CARM
|h A1:AN16A0
|i A04597
|p 0409136
|f BK
|
| 082 |
0 |
4 |
|a 863.6
|
| 999 |
f |
f |
|i ea087ad3-05ad-519b-bf65-078814cfd6a3
|s f6add56b-20b6-5cb9-88df-e045e14c762a
|
| 952 |
f |
f |
|p Can circulate
|a CAVAL
|b CAVAL
|c CAVAL
|d CARM 1 Store
|e A04597
|f A1:AN16A0
|h Other scheme
|i book
|m 0409136
|